00709cam a22002291 4500001001300000003000400013005001700017008004100034010001700075035001900092040001800111042001200129050002100141082001000162100003100172245014100203260004600344300001700390440003200407700002300439999001700462ca 35000772 DLC20260227111138.0790828s1929 mau 000 0 eng  aca 35000772  a(OCoLC)5318801 aDLCcRPBdDLC apremarc00aPN4305.M6bF7315 a815.51 aFortenbacher, Olive White.10aJimmy and the ultimatum,ba contest selection, arranged from Mr. Franklyn Barrows' story of the same name,cby Olive White Fortenbacher. aBoston,bWalter H. Baker Companyc[c1929] a8 p.c20 cm. 0aBaker's manuscript readings1 aBarrows, Franklyn. c17892d17892